000 01338nam a22003737a 4500
003 CHAP
005 20220329140838.0
008 971013s1995 r 00010 d
010 _a58516
011 _a59488
035 _a63646
040 _cCHAP
090 _aTesis
100 0 0 _aBautista Espinoza, Felipe.
_910907
245 _aRendimiento de trigo (Triticum aestivum L.) var. temporalera, crecido con veza vaina peluda (Vicia dasycarpa) o veza lechosa (Astragalus cicer) y competencia controlada
260 _aChapingo, Méx. :
_bEl autor,
_c1995
300 _a52 h.
502 _aTesis (Ing. Agr. Esp. en Zootecnia) -- UACH. Departamento de Zootecnia
590 _aALEPH
_b10
_c20130110
_lUCH01
_h1336
590 _aBATCH-UPD
_b10
_c20130110
_lUCH01
_h0057
590 _aBATCH-UPD
_b10
_c20130110
_lUCH01
_h0721
590 _aBATCH-UPD
_b10
_c20130110
_lUCH01
_h2347
590 _aCONVERSION
_b10
_c20130109
_lUCH01
_h1331
650 1 4 _aAstragalus cicer.
_98191
650 1 4 _aCultivos asociados.
_930370
650 1 4 _aPlantas
_xCompetencia.
_988798
650 1 4 _aTrigo
_xRendimiento.
_9115092
650 1 4 _aVicia dasycarpa.
_9119071
700 0 _aBerber Rios, Pablo.
_911725
901 _aBK
942 _cFOLL
949 _bBC
_cTES
_d-136960
_eTS1
_h28584
_i63646
_si
949 _bBC
_cTES
_d33724000079232
_eTS2
_fc.2
_h28585
_i63646
_si
999 _c58516
_d58516